000
00413nam a2200133Ia 4500
008
100328s9999 xx 000 0 und d
082
_b
22910
100
_a
पटवर्धन वि.अ.-संक्षे.
245
_a
सूर्यग्रहण
260
_b
वि.अ.पटर्वान
630
_a
सूर्यग्रहण
730
_a
सूर्यग्रहण
942
_c
BOOK
999
_c
516724
_d
516721